| 000 | 00665nam a22001817a 4500 | ||
|---|---|---|---|
| 003 | BD-DhUL | ||
| 005 | 20170517173136.0 | ||
| 008 | 170517s1966 bg a|||| |||| 00| 0 eng | | ||
| 040 |
_aBD-DhUL _cBD-DhUL |
||
| 082 |
_a891.442 _bFAQ |
||
| 100 | 1 | _aফজল, আবুল । | |
| 245 | 1 | 0 |
_aকায়েদে আজম : _cআবুল ফজল । _bপঞ্চাঙ্ক নাটক / |
| 260 |
_aচট্টগ্রাম : _bশাহীন বুক ক্লাব, _c১৯৬৬ । |
||
| 300 |
_a [৬], ১৫১ পৃ. ; _c২২ সেমি । |
||
| 650 | 0 | _aবাংলা নাটক । | |
| 650 | 0 | _aBangla natok. | |
| 942 |
_2ddc _cBK |
||
| 999 |
_c198953 _d198953 |
||